| 000 | 00556nam a2200217Ia 4500 | ||
|---|---|---|---|
| 008 | 170918s9999 xx 000 0 und d | ||
| 020 | _a9780531235249 | ||
| 050 | _bF191 2009 | ||
| 100 | _aFalk, Laine | ||
| 245 | _aMeet President Barack Obama : | ||
| 245 | _ba special presidential biography / | ||
| 245 | _cLaine Falk. | ||
| 260 | _aNew York : | ||
| 260 | _bScholastic, | ||
| 260 | _c2009 | ||
| 300 | _a24 pages : | ||
| 300 | _bcolored illustration ; | ||
| 300 | _c20cm. | ||
| 440 | _aScholastic news nonfiction readers. | ||
| 500 | _a360 | ||
| 999 |
_c341398 _d341398 |
||